James Corden Filmography - Statistics

General Stats
  • This quiz has been taken 64 times
    11 since last reset
  • The average score is 21 of 139
Answer Stats
Type Year Name % Correct
Film 2019 Cats
78%
TV Show 2015-2023 The Late Late Show with James Corden
78%
TV Show 2007-2010, 2019, 2024 Gavin & Stacey
67%
Film 2014 Into the Woods
56%
TV Show 2019 Saturday Night Live
56%
Award Show 2016 70th Tony Awards
44%
Award Show 2019 73rd Tony Awards
44%
TV Show 2000-2005 Fat Friends
44%
Theater 2004-2005, 2006 The History Boys
44%
Film 2006 The History Boys
44%
Film 2009 Lesbian Vampire Killers
33%
Web Series 2022 Mammals
33%
Film 2011 National Theatre Live: One Man, Two Guvnors
33%
Theater 2011-2012 One Man, Two Guvnors
33%
Film 2018 Peter Rabbit
33%
Film 2021 Peter Rabbit 2: The Runaway
33%
Film 2006 Starter for 10
33%
Film 2017 The Emoji Movie
33%
TV Show 2010-2019 A League of Their Own
22%
Film 2002 All or Nothing
22%
Film 2010 Animals United
22%
TV Show 2017 Carpool Karaoke: The Series
22%
TV Show 2010, 2011 Doctor Who
22%
Film 2010 Gulliver's Travels
22%
Film 2002 Heartlands
22%
Film 2006 Heroes and Villains
22%
TV Show 2000 Hollyoaks
22%
Film 2008 How to Lose Friends & Alienate People
22%
Film 2018 Ocean's 8
22%
Film 2013 One Chance
22%
Film 2005 Pierrepoint
22%
Film 2009 Planet 51
22%
Film 2008 Telstar: The Joe Meek Story
22%
Award Show 2009 The 2009 BRIT Awards
22%
Award Show 2011 The BRIT Awards 2011
22%
Award Show 2012 The BRIT Awards 2012
22%
Award Show 2013 The BRIT Awards 2013
22%
Award Show 2014 The BRIT Awards 2014
22%
TV Short 2009 The Gruffalo
22%
TV Short 2011 The Gruffalo's Child
22%
Film 2020 The Prom
22%
Film 2011 The Three Musketeers
22%
TV Show 2013-2014 The Wrong Mans
22%
Film 1997 Twenty Four Seven
22%
Film 1999 Whatever Happened to Harold Smith?
22%
Film 2019 Yesterday
22%
Award Show 2017 59th Annual Grammy Awards
11%
Award Show 2018 60th Annual Grammy Awards
11%
Film 2025 Animals United 2: The Chilldown
11%
TV Show 2007 Annually Retentive
11%
Theater 2025 Art
11%
TV Show 2010 Beast Hunters
11%
TV Show 2016 Beat Bugs
11%
Film 2013 Begin Again
11%
TV Show 1999 Boyz Unlimited
11%
Film 2021 Cinderella
11%
Short Film 2018 Confused.com: The Big Win
11%
TV Film 2002 Cruise of the Gods
11%
TV Show 2022 Curious George
11%
TV Show 2004 Dalziel and Pascoe
11%
TV Show 2017, 2018 Drop the Mic
11%
Video Game 2008 Fable II
11%
Short Film 2018 Flopsy Turvy
11%
Web Special 2021 Friends: The Reunion
11%
TV Show 2020 Game On!
11%
TV Documentary 2025 Gavin & Stacey: A Fond Farewell
11%
TV Show 2020 Great Performances
11%
Music Video 2011 Happy Now
11%
TV Show 2018 Happy Together
11%
TV Show 2009 Horne & Corden
11%
Short Film 2012 How to Behave
11%
TV Mini-Series 2001 Jack and the Beanstalk: The Real Story
11%
Web Series 2018 James Corden's Next James Corden
11%
TV Show 2010 James Corden's World Cup Live
11%
Film 2015 Kill Your Friends
11%
TV Show 2004 Little Britain
11%
TV Show 2011 Little Charley Bear
11%
Music Video 2011 Mama Do the Hump
11%
Theater 1996-1997 Martin Guerre
11%
TV Mini-Series 2011 Night and the Doctor
11%
Film 2016 Norm of the North
11%
TV Show 1996 Out of Tune
11%
TV Show 1998 Renford Rejects
11%
TV Film 2015 Roald Dahl's Esio Trot
11%
Film 2018 Smallfoot
11%
Film 2025 Smurfs
11%
TV Show 2012 Stella
11%
Film 2020 Superintelligence
11%
TV Show 2001-2003 Teachers
11%
Short Film 2013 That Night
11%
Film 2009 The Boat That Rocked
11%
TV Show 2023 The Bold and the Beautiful
11%
Film 2025 The Christophers
11%
Video Game 2017 The Emoji Movie Virtual Reality eXperience
11%
TV Short 2007 The Everglades
11%
Film 2015 The Lady in the Van
11%
TV Film 2010 The One Ronnie
11%
Short Film 2016 The Truth About Steve & Jean-Ralphio
11%
TV Show 2019 The World's Best
11%
Podcast 2024 This Life of Mine with James Corden
11%
Short Film 2020 Tiny Diamond Goes Back to School
11%
Film 2016 Trolls
11%
TV Short 2017 Trolls Holiday
11%
Film 2020 Trolls World Tour
11%
Award Show 2015 19th Annual Hollywood Film Awards
0%
Web Special 2024 A Carpool Karaoke Christmas
0%
TV Show 2018 Ant & Dec's Saturday Night Takeaway
0%
Theater 2007 A Respectable Wedding
0%
Web Series 2019 Bare Skin Chat
0%
Commercial 1995 Britvic Tango Orange
0%
Music Video 2016 Can't Stop the Feeling! (First Listen)
0%
TV Special 2018 Carpool Karaoke: When Corden Met McCartney Live from Liverpool
0%
Commercial 2017 Chase Sapphire
0%
Web Series 2015 CollegeHumor Originals
0%
Director 2022 Daylight
0%
Documentary 2025 Flintoff
0%
Short Film 2011 James Corden: May I Have Your Attention, Please?
0%
TV Show 2018 Keeping Up with the Kardashians
0%
Commercial 2017-2021 Keurig
0%
Documentary 2023 Louis Tomlinson: All of Those Voices
0%
TV Show 2016 Matilda and the Ramsay Bunch
0%
TV Show 2008, 2009 Never Mind the Buzzcocks
0%
Music Video 2013 Queenie Eye
0%
Documentary Mini-Series 2023 Super League: The War for Football
0%
Theater 2024 The Constituent
0%
TV Documentary 2009 The Greatest Songs of the Noughties
0%
Web Series 2022 The Kardashians
0%
TV Show 2010 The King Is Dead
0%
TV Special 2023 The Last Last Late Late Show with James Corden Carpool Karaoke Special
0%
Documentary Mini-Series 2023 The Last Late Late Show: A Documentary
0%
TV Special 2018 The Late Late Show Carpool Karaoke Primetime Special
0%
TV Special 2019 The Late Late Show Carpool Karaoke Primetime Special 2019
0%
TV Special 2017 The Late Late Show Primetime Carpool Karaoke Special
0%
TV Show 2009 The Sunday Night Project
0%
Documentary Series 2014 Tom Daley Goes Global
0%
TV Special 2023 Vogue World: London
0%
Commercial 2022 Weight Watchers
0%
TV Special 2014 When Corden Met Barlow
0%
Short Film 2007 Where Have I Been All Your Life?
0%
No matching quizzes found
Score Distribution
Percent of People with Each Score
Percentile by Number Answered
Your Score History
You have not taken this quiz since the last reset